000 00619cam a2200217 4500
001 J2614
008 090401t1994 xxu||||| |||| 00| 0 eng d
035 _a(Sirsi) u50066
041 _aeng
050 _a338.4569
110 _aJoint Forecasting Committee for the Construction Industries
_9731
245 _aConstruction forecasts 1994-1995-1996. - October 1994
260 _aLondon
_bConstruction Forecasting & Research Ltd.
_c1994
300 _a17p. ; 30cm.
350 _a0
650 _aBUILDING INDUSTRY
650 _aECONOMIC FORECASTS
690 _aBUILT ENVIRONMENT
942 _n0
948 _c04/03/1997
999 _c92655
_d92655